Diseño de la estructura de pavimentos hidráulico de 800 metros lineales en el Barrio Panamá Soberana del Municipio de Estelí, a través del método portland cement Association (PCA)

Presenta el diseño de la estructura de pavimento hidráulico de 800 metros lineales ubicados en el Barrio Panamá Soberana del municipio de Estelí, a través del método PCA. Asimismo se hace un análisis de estudio de tránsito y de suelos.

Bibliographic Details
Main Author: Olivas Castro, Karen Massiel
Other Authors: Tutor: Bustamante Arteaga, José Fernando
Format: Tesis Section = Libro
Language:Undetermined
Spanish
Published: Managua UNI 2015
Subjects:
LEADER 01103nam a2200241Ia 4500
008 240830s9999 xx 000 0 und d
040 |a BIBLIOTECA-RUPAP T.Mon 625.85 O48 
041 |a spa 
082 |a T.Mon 625.85 O48 
100 1 |a Olivas Castro, Karen Massiel 
245 1 0 |a Diseño de la estructura de pavimentos hidráulico de 800 metros lineales en el Barrio Panamá Soberana del Municipio de Estelí, a través del método portland cement Association (PCA) 
260 |a Managua  |b UNI  |c 2015 
300 |a 77 p. :il. 
500 |a Contiene: anexos. 
502 |a Tesis (Ingeniero Civil)- UNI, 2015. 
520 3 |a Presenta el diseño de la estructura de pavimento hidráulico de 800 metros lineales ubicados en el Barrio Panamá Soberana del municipio de Estelí, a través del método PCA. Asimismo se hace un análisis de estudio de tránsito y de suelos. 
650 7 |a PAVIMENTOS 
650 7 |b PAVIMENTOS RIGIDO-DISEÑO 
650 7 |c CARRETERAS-MANTENIMIENTO Y REPARACION 
700 1 |a Tutor:  |b Bustamante Arteaga, José Fernando 
942 |c BK  |2 ddc 
991 |a TESIS 
999 |c 18387